LEADER 00588nam a2200169 i 4500 001 000000026218 003 CaOOAMICUS 005 20180830125447.0 008 180830s1931 it u000 u ita u 040 $aSeMil$bita 100 1 $aSilvagni, Umberto.$0(OLS)http://semarc/name/11741 245 10$aComedie e tragedie della storia /$cUmberto Silvagni. 260 $aMilano :$bAthena,$c1931. 300 $av. ;$c20 cm. 774 0 $tSeconda serie.$w()210663 996 $6245$aComedie e tragedie della storia$9(OLS)http://semarc/title/35366 996 $6260$aMilano :$bAthena$9(OLS)http://semarc/publisher/30183 LEADER 00992nam a2200229 i 4500 001 000000100487 003 CaOOAMICUS 005 20170510000000.0 008 170510s1984 it u000 u ita u 013 $a72639 040 $aSeMil$bita 100 1 $aMerino, José Antonio .$0(OLS)http://semarc/name/8478 240 10$aHumanismo franciscano : franciscanismo y mundo actual.$0(OLS)http://semarc/title/406694 245 10$aUmanesimo francescano :$bfrancescanesimo e mondo attuale /$cJ. Antonio Merino. 260 $aAssisi :$bCittadella,$c1984. 300 $a334 p. ;$c20 cm. 650 4$aFrancescanesimo - Spiritualità.$0(OLS)http://semarc/subject/9908 850 $aSeMil 852 $aSeMil$W1$xVenegono$y1$m3G II 338$j57588$B57588$CSeMilBibl$Z2$F67998 $81 961 $aRecupero: Seminario di Seveso 996 $6245$aUmanesimo francescano :$bfrancescanesimo e mondo attuale$9(OLS)http://semarc/title/406693 996 $6260$aAssisi :$bCittadella$9(OLS)http://semarc/publisher/29661